| 000 | 00762nam a2200217Ia 4500 | ||
|---|---|---|---|
| 003 | GCL | ||
| 008 | 140319s9999 xx 000 0 ara d | ||
| 040 |
_aGCL / _cGCL |
||
| 082 | 0 | 4 |
_a210.4 _bا ج |
| 100 | 1 | _aابراهيم محمد الجمل | |
| 245 | 1 | 0 |
_aجامع مشاهير النساء وذكرهن واحوالهن / _cابراهيم محمد الجمل |
| 260 |
_a[S.N] : _bالدار المصرية اللبنانية ، _c1992 |
||
| 300 | _aمتعدد الترقيم | ||
| 490 | _a | ||
| 650 | 0 | 4 | _aالاسلام |
| 650 | 0 | 4 | _aالشريعة الاسلامية |
| 650 | 0 | 4 | _aالمرأة المسلمة |
| 650 | 0 | 4 | _aزوجات النبى صلى الله عليه وسلم |
| 650 | 0 | 4 | _aالمرأة فى الاسلام |
| 942 |
_2ddc _cBK |
||
| 999 |
_c31671 _d31671 |
||